Business and entrepreneurship in Saudi Arabia : Opportunities for partnering and investing in emerging businesses

Drawing on his years of experience in counseling American business, in government as a diplomat living and working in Saudi Arabia, and as a businessman, Edward Burton introduces the reader to the emerging new class of entrepreneurs in the Kingdom of Saudi Arabia. The book tells the story of Saudi A...

Fuld beskrivelse

Đã lưu trong:
Bibliografiske detaljer
Hovedforfatter: Burton, Edward
Format: Bog
Sprog:Undetermined
Udgivet: Hoboko, New Jersey John Wiley & Sons 2016
Fag:
Tags: Tilføj Tag
Ingen Tags, Vær først til at tagge denne postø!
Thư viện lưu trữ: Trung tâm Học liệu Trường Đại học Cần Thơ
LEADER 01735nam a2200241Ia 4500
001 CTU_226880
008 210402s9999 xx 000 0 und d
020 |c 1077000 
082 |a 332.67 
082 |b B974 
100 |a Burton, Edward 
245 0 |a Business and entrepreneurship in Saudi Arabia : 
245 0 |b Opportunities for partnering and investing in emerging businesses 
245 0 |c Edward Burton 
260 |a Hoboko, New Jersey 
260 |b John Wiley & Sons 
260 |c 2016 
520 |a Drawing on his years of experience in counseling American business, in government as a diplomat living and working in Saudi Arabia, and as a businessman, Edward Burton introduces the reader to the emerging new class of entrepreneurs in the Kingdom of Saudi Arabia. The book tells the story of Saudi Arabia's boom and why it deserves more of the world's attention from a global business perspective. Much of the book's content focuses on the transformative effects the aging of its family-owned business leaders are having on the reshaping of corporate boards, influencing technological innovation and changing the way business is done in what is one of the world's youngest and wealthiest countries. The book answers the question why Saudi Arabia's current industrial and economic boom has relevance to global business and why it is important to American competitiveness to better know and understand Saudi Arabia. This book is important for investors also because of the following facts about Saudi Arabia: 
650 |a Đầu tư, nước ngoài,Investments, foreign 
650 |z Ả Rập Saudi,Saudi Arabia 
904 |i Nhi 
910 |b dqhieu 
980 |a Trung tâm Học liệu Trường Đại học Cần Thơ